| 000 | 00461nam a2200181Ia 4500 | ||
|---|---|---|---|
| 008 | 180921t2017 xxu||||| |||| 00| 0 sin d | ||
| 041 | _asin | ||
| 080 |
_a8-31 _bMON |
||
| 100 | _aMontigomari Lusi maud | ||
| 245 | _aහිතුවක්කාරී | ||
| 246 | _aHituwakkari | ||
| 260 |
_bWijesooriya _aBoralla _c2017 |
||
| 300 | _a22cm, 342p | ||
| 700 |
_aManel Jayanthi _etr. |
||
| 942 | _cBK | ||
| 999 |
_c12557 _d12557 |
||
| 003 | LK-CoDNM | ||
| 040 |
_aLK-CoDNM _dLK-CoDNM _eLK-CoDNM |
||